|
|
|
|
| LEADER |
00000cam a2200000 7i4500 |
| 001 |
0000002842 |
| 005 |
20040121.0 |
| 090 |
0 |
0 |
|a FAO338.4767483
|b WEN 1997
|
| 100 |
1 |
0 |
|a WENMING
|h Lu
|
| 245 |
1 |
0 |
|a Study on China's wood-based panel market outlook for the years 2000-2010
|c by Lu Wenming
|
| 260 |
0 |
0 |
|a Rome :
|b Food and Agriculture Organization of the United Nations ,
|c 1997
|
| 300 |
|
|
|a 41 p. ;
|c 30 cm.
|
| 440 |
0 |
0 |
|a Asia-Pacific forestry sector outlook study working paper series ; no. APFSOS/WP/40(b)
|
| 650 |
0 |
0 |
|a Fiberboard industry
|x Marketing
|z China
|
| 650 |
0 |
0 |
|a Forest products industry
|
| 650 |
0 |
0 |
|a Particle board industry
|x Marketing
|z China
|
| 650 |
0 |
0 |
|a Plywood industry
|x Marketing
|z China
|
| 650 |
0 |
0 |
|a Veneer industry
|x Marketing
|z China
|
| 710 |
1 |
1 |
|a Food and Agriculture Organization of the United Nations (FAO)
|
| 998 |
|
|
|a JPSM
|
| 999 |
|
|
|a 0000004794
|b Monograph
|c Food and Agriculture Organization
|e Default branch
|
| 999 |
|
|
|a 0000004795
|b Monograph
|c Food and Agriculture Organization
|e Default branch
|